| 000 | 00674nam a22002417a 4500 | ||
|---|---|---|---|
| 001 | 2984 | ||
| 003 | FISKH | ||
| 005 | 20260309093715.0 | ||
| 008 | 240129b cb ||||| |||| 00| 0 eng d | ||
| 020 | _a9780439693820 | ||
| 040 |
_aFISKH _beng _cFISKH _dFISKH |
||
| 082 | _a635 | ||
| 100 | _aAlexander, Francie | ||
| 245 |
_aHow does your salad grow?/ _cby Alexander, Francie |
||
| 260 |
_aNew York : _bScholastic , _c2004 |
||
| 300 |
_a16 pages : _bcolor illustrations ; _c26 cm . |
||
| 505 | _aG | ||
| 520 | _aA look at how plants grow. | ||
| 521 | 8 |
_a340
_bLexile |
|
| 521 | 8 |
_aG
_bRaz-Plus |
|
| 600 |
_2vegetables _vnon-fiction |
||
| 942 |
_2ddc _cBK _n0 |
||
| 999 |
_c2984 _d2984 |
||